Hayati divanı. (Record no. 200426687)
[ view plain ]
| 000 -LEADER | |
|---|---|
| fixed length control field | 00485nam a22001817a 4500 |
| 001 - CONTROL NUMBER | |
| control field | 200426687 |
| 003 - CONTROL NUMBER IDENTIFIER | |
| control field | TR-AnTOB |
| 005 - DATE AND TIME OF LATEST TRANSACTION | |
| control field | 20240520160726.0 |
| 008 - FIXED-LENGTH DATA ELEMENTS--GENERAL INFORMATION | |
| fixed length control field | 170523b xxu||||| |||| 00| 0 tur d |
| 040 ## - CATALOGING SOURCE | |
| Original cataloging agency | TR-AnTOB |
| Transcribing agency | TR-AnTOB |
| 041 00 - LANGUAGE CODE | |
| Language code of text/sound track or separate title | Türkçe |
| 050 ## - LIBRARY OF CONGRESS CALL NUMBER | |
| Classification number | PL248 |
| 245 10 - TITLE STATEMENT | |
| Title | Hayati divanı. |
| 264 #1 - PRODUCTION, PUBLICATION, DISTRIBUTION, MANUFACTURE, AND COPYRIGHT NOTICE | |
| Place of production, publication, distribution, manufacture | [Place of publication not identified] : |
| Name of producer, publisher, distributor, manufacturer | [publisher not identified] |
| Date of production, publication, distribution, manufacture, or copyright notice | [date of publication not identified] |
| 300 ## - PHYSICAL DESCRIPTION | |
| Extent | pages ; |
| Dimensions | cm |
| 942 ## - ADDED ENTRY ELEMENTS (KOHA) | |
| Source of classification or shelving scheme | Library of Congress Classification |
| Koha item type | Book |
| Withdrawn status | Lost status | Source of classification or shelving scheme | Not for loan | Collection code | Home library | Current library | Shelving location | Date acquired | Source of acquisition | Inventory number | Total Checkouts | Full call number | Barcode | Date last seen | Date last checked out | Date shelved | Koha item type |
|---|---|---|---|---|---|---|---|---|---|---|---|---|---|---|---|---|---|
| Library of Congress Classification | Ödünç Verilebilir / Available | Genel Koleksiyon | Merkez Kütüphane | Merkez Kütüphane | Genel Koleksiyon / Main Collection | 23/05/2017 | Satın Alma / Purchase | TDE | 3 | PL248 | 0053306 | 06/12/2021 | 25/11/2021 | 23/05/2017 | Book |
